000 00483nam a2200205Ia 4500
003 0100
008 130303s9999 xx 000 0 und d
020 _a0674931904
040 _cARRUPELIB
050 _aBD232.A48 1993
100 _aAnderson, Elizabeth
245 _aValues in ethics and economics
260 _aCambridge, Massachusetts
260 _bHarvard University Press
260 _C1993
300 _a245p.
300 _b 24cm
650 _aETHICS
942 0 0 _08
999 _c19291
_d19291